|
|
|
|
| LEADER |
01413nam a2200373Ia 4500 |
| 001 |
EBC435211 |
| 003 |
MiAaPQ |
| 005 |
20200520144314.0 |
| 006 |
m o d | |
| 007 |
cr cn||||||||| |
| 008 |
061219s2008 nyua sb 001 0 eng d |
| 020 |
|
|
|z 9780765616852
|
| 020 |
|
|
|z 0765616858
|
| 035 |
|
|
|a (MiAaPQ)EBC435211
|
| 035 |
|
|
|a (Au-PeEL)EBL435211
|
| 035 |
|
|
|a (CaPaEBR)ebr10292205
|
| 035 |
|
|
|a (CaONFJC)MIL211941
|
| 035 |
|
|
|a (OCoLC)448663851
|
| 040 |
|
|
|a MiAaPQ
|c MiAaPQ
|d MiAaPQ
|
| 050 |
|
4 |
|a HD30.2
|b .I529 2008
|
| 245 |
0 |
0 |
|a Information technology outsourcing
|h [electronic resource] /
|c Suzanne Rivard, Benoit A. Aubert, editors.
|
| 260 |
|
|
|a Armonk, N.Y. :
|b M.E. Sharpe,
|c c2008.
|
| 300 |
|
|
|a xi, 340 p. :
|b ill.
|
| 490 |
1 |
|
|a Advances in management information systems,
|x 1554-6152 ;
|v v. 8
|
| 504 |
|
|
|a Includes bibliographical references and index.
|
| 533 |
|
|
|a Electronic reproduction. Ann Arbor, MI : ProQuest, 2015. Available via World Wide Web. Access may be limited to ProQuest affiliated libraries.
|
| 650 |
|
0 |
|a Information technology
|x Management.
|
| 650 |
|
0 |
|a Contracting out.
|
| 655 |
|
4 |
|a Electronic books.
|
| 700 |
1 |
|
|a Rivard, Suzanne.
|
| 700 |
1 |
|
|a Aubert, Benoit A.
|
| 710 |
2 |
|
|a ProQuest (Firm)
|
| 830 |
|
0 |
|a Advances in management information systems ;
|v v. 8.
|
| 856 |
4 |
0 |
|u https://ebookcentral.proquest.com/lib/matrademy/detail.action?docID=435211
|z Click to View
|